000
00298nam a22001337a 4500
020
_q
PB.
040
_c
FIZZA ISHAQ
082
_a
004.67
_b
KRI
100
_a
JAMSA,KRIS.
_9
89743
245
_a
CLOUD COMPUTING /
_c
KRIS JAMSA.
260
_a
NEW YORK ;
_c
2013.
300
_a
322 P. ;
942
_2
ddc
_c
BK
999
_c
588323
_d
588323